000 00488cam a2200193ua 4500
001 1286
008 110629n ii |||gr||||Z||||||asm
040 _cMAIN
082 _a339.32
100 _aBorgohain, Karuna Kanta.,
245 1 _aJatiya aai aru kalyan.
_cBy Karuna Kanta Borgohain.
250 _a3rd.
260 _aDibrugarh:
_bBanalata,991.
300 _aviii, 208 p.:
_c20 cm.
653 _aEconomics.
653 _aJatiya aai.
700 _aPhukan, Ranjan Kumar.,
942 _cBK
999 _c1187
_d1187